00460nam a2200193 a 4500001001300000003000900013005001700022008004100039020001000080082001500090100002000105245002100125260002900146300000900175500003500184505001000219650001700229700002000246nice12345678IN_TiNIC20260116011633.0050524s1952 lona grp 000 0 eng  ac10000a275.4bPAU aPaul, Rajaiah D aCross Over India aLondonbScm Press c1952 a127p aincludes index and biblioraphy2 aIndex aChurch-India1 aPaul, Rajaiah D